000 00628nam a22001937a 4500
003 OSt
005 20180116183042.0
008 160223b xxu||||| |||| 00| 0 eng d
020 _a11-071-87-1
024 _211-071-87-1
040 _cLahore University of Management Sciences
082 _a174.4 LUM 1987
100 _aHAQ T, NASIM A
245 _aAGRICULTURAL PRICING POLICIES IN PAKISTAN: WHAT PRICE WHEAT?
_cHAQ T, NASIM A
260 _aLahore
_bLahore University of Management Sciences
_c1987
300 _a19 p.
_bPapers
440 _aAGRICULTURAL PRICING POLICIES IN PAKISTAN: WHAT PRICE WHEAT?
942 _2ddc
_cCS
999 _c351282
_d351282